Woody Woodpecker Franchise - Statistics

General Stats
  • This quiz has been taken 25 times
  • The average score is 26 of 211
Answer Stats
Type Year Name Info % Correct
Short Film 1941 Woody Woodpecker Universal
92%
Video Game 2012 Woody Woodpecker EA Chillingo
92%
Film 2017 Woody Woodpecker Universal
92%
Web Series 2018 Woody Woodpecker YouTube
92%
Short Film 1940 Knock Knock Universal
42%
TV Show 1999-2002 The New Woody Woodpecker Show Fox Kids
42%
TV Show 1957-1958 The Woody Woodpecker Show ABC
42%
Short Film 1949 Drooler's Delight United Artists
25%
Short Film 1942 Ace in the Hole Universal
17%
Short Film 1954 Alley to Bali Universal
17%
Short Film 1948 Banquet Busters United Artists
17%
Short Film 1946 Bathing Buddies Universal
17%
Short Film 1952 Born to Peck Universal
17%
Short Film 1972 Bye, Bye, Blackboard Universal
17%
Short Film 1945 Chew-Chew Baby Universal
17%
Short Film 1951 Destination Meatball Universal
17%
Short Film 1946 Fair Weather Fiends Universal
17%
Short Film 1946 Musical Moments from Chopin Universal
17%
Short Film 1956 Niagara Fools Universal
17%
Short Film 1941 Pantry Panic Universal
17%
Short Film 1950 Puny Express Universal
17%
Short Film 1943 Ration Bored Universal
17%
Short Film 1952 Scalp Treatment Universal
17%
Short Film 1944 Ski for Two Universal
17%
Short Film 1951 Sleep Happy Universal
17%
Short Film 1951 Slingshot 6 7/8 Universal
17%
Short Film 1947 Smoked Ham Universal
17%
Short Film 1947 Solid Ivory Universal
17%
Short Film 1952 Stage Hoax Universal
17%
Short Film 1944 The Barber of Seville Universal
17%
Short Film 1944 The Beach Nut Universal
17%
Short Film 1947 The Coo Coo Bird Universal
17%
Short Film 1945 The Dippy Diplomat Universal
17%
Short Film 1943 The Dizzy Acrobat Universal
17%
Short Film 1942 The Hollywood Matador Universal
17%
Short Film 1942 The Loan Stranger Universal
17%
Short Film 1945 The Loose Nut Universal
17%
Short Film 1948 The Mad Hatter United Artists
17%
Short Film 1946 The Reckless Driver Universal
17%
Short Film 1951 The Redwood Sap Universal
17%
Short Film 1943 The Screwball Universal
17%
Short Film 1941 The Screwdriver Universal
17%
Short Film 1951 The Woody Woodpecker Polka Universal
17%
Short Film 1948 Wacky-Bye Baby United Artists
17%
Short Film 1947 Well Oiled Universal
17%
Short Film 1948 Wet Blanket Policy United Artists
17%
Short Film 1946 Who's Cookin' Who? Universal
17%
Short Film 1951 Wicket Wacky Universal
17%
Short Film 1948 Wild and Woody! United Artists
17%
Short Film 1945 Woody Dines Out Universal
17%
Short Film 1971 Woody's Magic Touch Universal
17%
Video Game 2001 Woody Woodpecker: Escape from Buzz Buzzard Park Cryo Kids / DreamCatcher Interactive
17%
Short Film 1941 $21 a Day (Once a Month) Universal
8%
Short Film 1954 A Fine Feathered Frenzy Universal
8%
Short Film 1956 After the Ball Universal
8%
Short Film 1968 A Lad in Bagdad Universal
8%
Short Film 1970 All Hams on Deck Universal
8%
Short Film 1956 Arts and Flowers Universal
8%
Short Film 1966 Astronut Woody Universal
8%
Short Film 1960 Ballyhooey Universal
8%
Short Film 1960 Bats in the Belfry Universal
8%
Short Film 1955 Bedtime Bedlam Universal
8%
Short Film 1953 Belle Boys Universal
8%
Short Film 1960 Billion Dollar Boner Universal
8%
Short Film 1965 Birds of a Feather Universal
8%
Short Film 1957 Box Car Bandit Universal
8%
Short Film 1953 Buccaneer Woodpecker Universal
8%
Short Film 1955 Bunco Busters Universal
8%
Short Film 1961 Busman's Holiday Universal
8%
Short Film 1970 Buster's Last Stand Universal
8%
Short Film 1956 Calling All Cuckoos Universal
8%
Short Film 1963 Calling Dr. Woodpecker Universal
8%
Short Film 1965 Canned Dog Feud Universal
8%
Short Film 1962 Careless Caretaker Universal
8%
Short Film 1956 Chief Charlie Horse Universal
8%
Short Film 1972 Chili Con Corny Universal
8%
Short Film 1967 Chilly Chums Universal
8%
Short Film 1954 Convict Concerto Universal
8%
Short Film 1970 Coo Coo Nuts Universal
8%
Short Film 1963 Coy Decoy Universal
8%
Short Film 1962 Crowin' Pains Universal
8%
Short Film 1957 Dopey Dick the Pink Whale Universal
8%
Short Film 1964 Dumb Like a Fox Universal
8%
Short Film 1958 Everglade Raid Universal
8%
Short Film 1968 Fat in the Saddle Universal
8%
Video Game 1996 Férias Frustradas do Pica-Pau Tectoy
8%
Short Film 1968 Feudin Fightin-N-Fussin' Universal
8%
Short Film 1971 Flim Flam Fountain Universal
8%
Short Film 1957 Fodder and Son Universal
8%
Short Film 1972 For the Love of Pizza Universal
8%
Short Film 1960 Fowled Up Falcon Universal
8%
Short Film 1965 Fractured Friendship Universal
8%
Short Film 1961 Franken-Stymied Universal
8%
Short Film 1964 Freeway Fracas Universal
8%
Short Film 1961 Gabby's Diner Universal
8%
Short Film 1956 Get Lost Universal
8%
Short Film 1964 Get Lost! Little Doggy Universal
8%
Short Film 1972 Gold Diggin' Woodpecker Universal
8%
Short Film 1963 Greedy Gabby Gator Universal
8%
Short Film 1958 Half Empty Saddles Universal
8%
Short Film 1966 Hassle in a Castle Universal
8%
Short Film 1967 Have Gun, Can't Travel Universal
8%
Short Film 1960 Heap Big Hepcat Universal
8%
Short Film 1955 Helter Shelter Universal
8%
Short Film 1970 Hi-Rise Wise Guys Universal
8%
Short Film 1958 His Better Elf Universal
8%
Short Film 1962 Home Sweet Homewrecker Universal
8%
Short Film 1969 Hook Line and Stinker Universal
8%
Short Film 1967 Horse Play Universal
8%
Short Film 1967 Hot Diggity Dog Universal
8%
Short Film 1953 Hot Noon (or 12 O'Clock for Sure) Universal
8%
Short Film 1954 Hot Rod Huckster Universal
8%
Short Film 1960 How to Stuff a Woodpecker Universal
8%
Short Film 1971 How to Trap a Woodpecker Universal
8%
Short Film 1953 Hypnotic Hick Universal
8%
Short Film 1972 Indian Corn Universal
8%
Short Film 1957 International Woodpecker Universal
8%
Short Film 1965 Janie Get Your Gun Universal
8%
Short Film 1958 Jittery Jester Universal
8%
Short Film 1959 Kiddie League Universal
8%
Short Film 1971 Kitty from the City Universal
8%
Short Film 1969 Little Skeeter Universal
8%
Short Film 1962 Little Woody Riding Hood Universal
8%
Short Film 1959 Log Jammed Universal
8%
Short Film 1966 Lonesome Ranger Universal
8%
Short Film 1968 Lotsa Luck Universal
8%
Short Film 1958 Misguided Missile Universal
8%
Short Film 1966 Monster of Ceremonies Universal
8%
Short Film 1968 One Horse Town Universal
8%
Short Film 1953 Operation Sawdust Universal
8%
Short Film 1960 Ozark Lark Universal
8%
Short Film 1959 Panhandle Scandal Universal
8%
Short Film 1972 Pecking Holes in Poles Universal
8%
Short Film 1968 Peck of Trouble Universal
8%
Short Film 1961 Phantom of the Horse Opera Universal
8%
Short Film 1969 Phoney Pony Universal
8%
Short Film 1960 Pistol Packin' Woodpecker Universal
8%
Short Film 1961 Poop Deck Pirate Universal
8%
Short Film 1966 Practical Yolk Universal
8%
Short Film 1969 Prehistoric Super Salesman Universal
8%
Short Film 1955 Private Eye Pooch Universal
8%
Short Film 1954 Real Gone Woody Universal
8%
Short Film 1957 Red Riding Hoodlum Universal
8%
Short Film 1964 Roamin' Roman Universal
8%
Short Film 1963 Robin Hoody Woody Universal
8%
Short Film 1962 Rock-a-Bye Gator Universal
8%
Short Film 1962 Rocket Racket Universal
8%
Short Film 1959 Romp in a Swamp Universal
8%
Short Film 1962 Room and Bored Universal
8%
Short Film 1966 Rough Riding Hood Universal
8%
Short Film 1957 Round Trip to Mars Universal
8%
Short Film 1964 Saddle Sore Woody Universal
8%
Short Film 1963 Science Friction Universal
8%
Short Film 1970 Seal on the Loose Universal
8%
Short Film 1967 Secret Agent Woody Woodpecker Universal
8%
Short Film 1971 Shanghai Woody Universal
8%
Short Film 1969 Ship A'hoy Woody Universal
8%
Short Film 1963 Shot in the Saddle Universal
8%
Short Film 1972 Show Biz Beagle Universal
8%
Short Film 1965 Sioux Me Universal
8%
Short Film 1967 Sissy Sheriff Universal
8%
Short Film 1964 Skinfolks Universal
8%
Short Film 1971 Sleepy Time Chimes Universal
8%
Short Film 1954 Socko in Morocco Universal
8%
Short Film 1960 Southern Fried Hospitality Universal
8%
Short Film 1955 Square Shootin' Square Universal
8%
Short Film 1963 Stowaway Woody Universal
8%
Short Film 1961 Sufferin' Cats Universal
8%
Short Film 1963 Tepee for Two Universal
8%
Short Film 1952 Termites from Mars Universal
8%
Short Film 1966 The Big Bite Universal
8%
Short Film 1961 The Bird Who Came to Dinner Universal
8%
Short Film 1972 The Genie with the Light Touch Universal
8%
Short Film 1952 The Great Who-Dood-It Universal
8%
Short Film 1967 The Nautical Nut Universal
8%
Short Film 1971 The Reluctant Recruit Universal
8%
Short Film 1963 The Shutter Bug Universal
8%
Short Film 1971 The Snoozin' Bruin Universal
8%
Short Film 1959 The Tee Bird Universal
8%
Short Film 1963 The Tenant's Racket Universal
8%
Short Film 1955 The Tree Medic Universal
8%
Short Film 1957 The Unbearable Salesman Universal
8%
Short Film 1965 Three Little Woodpeckers Universal
8%
Short Film 1957 To Catch a Woodpecker Universal
8%
Short Film 1959 Tomcat Combat Universal
8%
Short Film 1962 Tragic Magic Universal
8%
Short Film 1958 Tree's a Crowd Universal
8%
Short Film 1969 Tumble Weed Greed Universal
8%
Short Film 1954 Under the Counter Spy Universal
8%
Short Film 1962 Voo-Doo Boo-Boo Universal
8%
Short Film 1958 Watch the Birdie Universal
8%
Short Film 1965 What's Peckin' Universal
8%
Short Film 1953 What's Sweepin' Universal
8%
Short Film 1970 Wild Bill Hiccup Universal
8%
Short Film 1955 Witch Crafty Universal
8%
Short Film 1956 Woodpecker from Mars Universal
8%
Short Film 1959 Woodpecker in the Moon Universal
8%
Short Film 1952 Woodpecker in the Rough Universal
8%
Short Film 1965 Woodpecker Wanted Universal
8%
Short Film 1966 Woody and the Beanstalk Universal
8%
Short Film 1956 Woody Meets Davy Crewcut Universal
8%
Short Film 1964 Woody's Clip Joint Universal
8%
Short Film 1969 Woody's Knight Mare Universal
8%
Short Film 1961 Woody's Kook-Out Universal
8%
Short Film 1968 Woody the Freeloader Universal
8%
Short Film 1947 Woody the Giant Killer Universal
8%
Video Game 2003 Woody Woodpecker in Crazy Castle 5 Kemco
8%
Video Game 2009 Woody Woodpecker in Waterfools Glu Mobile
8%
Video Game 2000 Woody Woodpecker Racing Konami
8%
Video Game 2010 Woody Woodpecker: Wacky Challenge Hands-On Mobile
8%
Short Film 1953 Wrestling Wrecks Universal
8%
No matching quizzes found
Score Distribution
Percent of People with Each Score
Percentile by Number Answered
Your Score History
You have not taken this quiz